MARC details
| 000 -LEADER |
| campo de control de longitud fija |
01626nem a2200253 i 4500 |
| 001 - NÚMERO DE CONTROL |
| campo de control |
C00034386c |
| 005 - FECHA Y HORA DE LA ÚLTIMA TRANSACCIÓN |
| campo de control |
20241114100151.0 |
| 007 - CAMPO FIJO DE DESCRIPCIÓN FÍSICA--INFORMACIÓN GENERAL |
| campo de control de longitud fija |
ajocanzn |
| 008 - DATOS DE LONGITUD FIJA--INFORMACIÓN GENERAL |
| campo de control de longitud fija |
980804s1923 sp a a 0 spa d |
| 130 #0 - ENTRADA PRINCIPAL--TÍTULO UNIFORME |
| Título uniforme |
España. |
| Medio |
Mapa topográfico. |
| Fecha de publicación/de la obra |
1923-1925. |
| 9 (RLIN) |
23010 |
| 245 11 - MENCIÓN DEL TÍTULO |
| Título |
[Mapa topográfico de España], escala 1:50.000 / |
| Mención de responsabilidad, etc. |
Formado y publicado por la Dirección General del Instituto Geográfico. |
| 255 ## - DATOS MATEMÁTICOS CARTOGRÁFICOS |
| Mención de escala |
Escala 1:50.000. |
| 260 ## - PUBLICACIÓN, DISTRIBUCIÓN, ETC. |
| Lugar de publicación, distribución, etc. |
[Madrid] : |
| Nombre del editor, distribuidor, etc. |
Talleres del Instituto Geográfico, |
| Fecha de publicación, distribución, etc. |
1923-1925. |
| 300 ## - DESCRIPCIÓN FÍSICA |
| Extensión |
Mapas : |
| Otras características físicas |
col. ; |
| Dimensiones |
56 x 76 cm. |
| 500 ## - NOTA GENERAL |
| Nota general |
H. 194: Santa María del Páramo. -- 1925; H. 237: Castrogeriz. -- 1924; H. 275: Santa María del Campo. -- 1923; H. 313: Antigüedad. -- 1925; H. 409: Calatayud. -- 1924; H. 410: La Almunia de Doña Godina. -- 1925; H. 411: Longares. -- 1924; H. 462: Maranchón. -- 1924; H. 471: Mora de Ebro. -- 1923; H. 497: Perelló. -- 1923; H. 508: Cercedilla. -- 1923; H. 567: Teruel. -- 1923; H. 590: La Puebla de Valverde. -- 1923; H. 885: Santisteban del Puerto. -- 1923; H. 888: Yetas. -- 1924; H. 903: Montoro. -- 1923; H. 904: Andújar. -- 1924; H. 906: Úbeda. -- 1923. |
| 590 ## - NOTA LOCAL (RLIN) |
| Nota local |
mapas_001 |
| 590 ## - NOTA LOCAL (RLIN) |
| Nota local |
mapas_001 |
| 651 ## - PUNTO DE ACCESO ADICIONAL DE MATERIA--NOMBRE GEOGRÁFICO |
| Nombre geográfico |
España- |
| Subdivisión de forma |
Mapas topográficos. |
| 9 (RLIN) |
87277 |
| 710 2# - ENTRADA AGREGADA--NOMBRE DE ENTIDAD CORPORATIVA |
| Nombre de entidad corporativa o nombre de jurisdicción como elemento de entrada |
Instituto Geográfico (Madrid) |
| 9 (RLIN) |
12023 |
| 852 4# - LOCALIZACIÓN |
| Número de control de estantería |
Mp-317, Mp-318, Mp-319, Mp-320, Mp-321, Mp-322, Mp-323, Mp-324, Mp-325, Mp-326, Mp-327, Mp-328, Mp-329, Mp-330, Mp-331, Mp-332, Mp-333, Mp-334 |
| 856 40 - LOCALIZACIÓN Y ACCESO ELECTRÓNICOS |
| Identificador Uniforme de Recurso |
<a href="http://www.realacademiabellasartessanfernando.com/es/archivo-biblioteca/biblioteca/mapas-y-planos-de-ciudades?id=103">http://www.realacademiabellasartessanfernando.com/es/archivo-biblioteca/biblioteca/mapas-y-planos-de-ciudades?id=103</a> |